| 000 | 00647nam a2200181 a 4500 | ||
|---|---|---|---|
| 999 |
_c1798 _d1798 |
||
| 001 | 1798 | ||
| 003 | CDMR | ||
| 005 | 20240123163213.0 | ||
| 008 | 130130s1980||||||||||||||||||||||||||||d | ||
| 040 |
_aCDMR _bcat _cCDMR |
||
| 245 | 0 | 2 |
_aL'Associació de la Premsa de Barcelona davant la crisi de la premsa diària _b= La Asociación de la Prensa de Barcelona ante la crisis de la prensa diaria |
| 260 |
_aBarcelona : _bl'Associació, _c1980 |
||
| 300 | _a[46] pàgines | ||
| 500 | _aEdició català-castellà | ||
| 650 | 0 |
_91509 _aPremsa _zBarcelona _xHistòria _y1970-1980 |
|
| 710 | 2 |
_939 _aAssociació de la Premsa de Barcelona |
|
| 942 |
_cFULLET _2udc |
||